La formación de la sociedad económica / (Registro nro. 5402)
[ vista simple ]
| 000 -LEADER | |
|---|---|
| fixed length control field | 01096nam a2200289Ia 4500 |
| 003 - CONTROL NUMBER IDENTIFIER | |
| control field | OSt |
| 005 - DATE AND TIME OF LATEST TRANSACTION | |
| control field | 20200520170810.0 |
| 008 - FIXED-LENGTH DATA ELEMENTS--GENERAL INFORMATION | |
| fixed length control field | 191128s1964 mx ab gr 000 0 spa d |
| 020 ## - INTERNATIONAL STANDARD BOOK NUMBER | |
| International Standard Book Number | 9681610660 |
| 040 ## - CATALOGING SOURCE | |
| Original cataloging agency | CO-JMCR |
| Transcribing agency | CO-JMCR |
| 041 0# - LANGUAGE CODE | |
| Language code of text/sound track or separate title | spa |
| 082 04 - DEWEY DECIMAL CLASSIFICATION NUMBER | |
| Classification number | 330.09 / |
| Item number | H466f |
| Edition number | 23 |
| 100 1# - MAIN ENTRY--PERSONAL NAME | |
| Personal name | Heilbroner, Robert L., |
| Relator term | autor |
| 9 (RLIN) | 4585 |
| 245 10 - TITLE STATEMENT | |
| Title | La formación de la sociedad económica / |
| Statement of responsibility, etc. | Robert L. Heilbroner ; traducción de Sonia Tancredi ; adaptación de esta edición Carlos Sierra y Hoyos |
| 260 ## - PUBLICATION, DISTRIBUTION, ETC. | |
| Place of publication, distribution, etc. | México : |
| Name of publisher, distributor, etc. | Fondo de Cultura Económica, |
| Date of publication, distribution, etc. | 1964 |
| 300 ## - PHYSICAL DESCRIPTION | |
| Extent | 422 páginas : |
| Other physical details | 2 mapas a blanco y negro ; |
| Dimensions | 20 cm |
| 300 ## - PHYSICAL DESCRIPTION | |
| Dimensions | 20 cm |
| 490 0# - SERIES STATEMENT | |
| Series statement | Sección de obras de economía |
| 505 ## - FORMATTED CONTENTS NOTE | |
| Formatted contents note | El nacimiento de la moderna sociedad económica -- El desafío al sistema de mercado |
| 534 ## - ORIGINAL VERSION NOTE | |
| Introductory phrase | The making of economic society |
| 546 ## - LANGUAGE NOTE | |
| Language note | Traducido del inglés |
| 650 14 - SUBJECT ADDED ENTRY--TOPICAL TERM | |
| Topical term or geographic name entry element | Historia económica |
| 9 (RLIN) | 4586 |
| 650 14 - SUBJECT ADDED ENTRY--TOPICAL TERM | |
| Topical term or geographic name entry element | Mercado Capitalismo |
| 9 (RLIN) | 4587 |
| 700 1# - ADDED ENTRY--PERSONAL NAME | |
| Personal name | Trancredi, Sonia, |
| Relator term | traductora |
| 9 (RLIN) | 4588 |
| 700 1# - ADDED ENTRY--PERSONAL NAME | |
| Personal name | Sierra y Hoyos, Carlos, |
| Relator term | adaptador |
| 9 (RLIN) | 4589 |
| 942 ## - ADDED ENTRY ELEMENTS (KOHA) | |
| Source of classification or shelving scheme | Dewey Decimal Classification |
| Koha item type | Books |
| Withdrawn status | Lost status | Source of classification or shelving scheme | Materials specified (bound volume or other part) | Damaged status | Not for loan | Home library | Current library | Shelving location | Date acquired | Source of acquisition | Cost, normal purchase price | Total Checkouts | Full call number | Barcode | Date last seen | Date last checked out | Copy number | Price effective from | Koha item type |
|---|---|---|---|---|---|---|---|---|---|---|---|---|---|---|---|---|---|---|---|
| Dewey Decimal Classification | Donación--15/04/2018-- | Biblioteca Pública José María del Castillo y Rada | Biblioteca Pública José María del Castillo y Rada | General Stacks | 11/28/2019 | Donación | 0.00 | 1 | 330.09 / H466f | 430001862 | 05/17/2024 | 05/17/2024 | Ej.1 | 11/28/2019 | Books |